La primera repressió franquista a Catalunya (Registro nro. 467)

Detalles MARC
000 -LEADER
campo de control de longitud fija 01407nam a22002417a 4500
001 - NÚMERO DE CONTROL
campo de control EIF-VIII-2013-M8-001
003 - IDENTIFICADOR DE NÚMERO DE CONTROL
campo de control OSt
005 - FECHA Y HORA DE LA ÚLTIMA TRANSACCIÓN
campo de control 20221222110556.0
008 - DATOS DE LONGITUD FIJA--INFORMACIÓN GENERAL
campo de control de longitud fija 221222b |||||||| |||| 00| 0 eng d
040 ## - FUENTE DE CATALOGACIÓN
Centro catalogador/agencia de origen Fundación Jesús Pereda
Centro/agencia transcriptor Fundación Jesús Pereda
041 ## - CÓDIGO DE IDIOMA
Código de lengua del texto/banda sonora o título independiente Catalán
100 ## - ENTRADA PRINCIPAL--NOMBRE DE PERSONA
Filiación Universitat Rovira i Virgili, ISOCAC
Nombre de persona Arnabat Mata, Ramon
9 (RLIN) 772
111 ## - ENTRADA PRINCIPAL--NOMBRE DE CONGRESO/REUNIÓN
Nombre de congreso/reunión o jurisdicción como elemento de entrada Encuentro de Investigadores del Franquismo
Sede del congreso/Lugar de la reunión (Barcelona.
Fecha del congreso o de la firma del tratado 2013.
Número del congreso/reunión o número de parte o sección 8º)
9 (RLIN) 100
245 ## - MENCIÓN DEL TÍTULO
Título La primera repressió franquista a Catalunya
Fechas extremas/inclusivas 1938-1948
Mención de responsabilidad, etc. /Ramon Arnabat Mata
520 ## - RESUMEN, ETC.
Sumario, etc. L’objectiu d’aquesta comunicació es realitzar un balanç historiogràfic dels estudis de la primera repressió franquista a Catalunya (1938-1948), tot comparant els nostres estudis sobre les comarques penedesenques en el marc del projecte Tots els Noms, amb la resta d’estudis locals i comarcals i amb els estudis generals sectorials. I, alhora, oferir una visió de conjunt que permeti copsar quantitativament i qualitativa la importància de la repressió franquista a la societat catalana.
650 #0 - PUNTO DE ACCESO ADICIONAL DE MATERIA--TÉRMINO DE MATERIA
9 (RLIN) 145
Término de materia o nombre geográfico como elemento de entrada Represión
650 #0 - PUNTO DE ACCESO ADICIONAL DE MATERIA--TÉRMINO DE MATERIA
9 (RLIN) 123
Término de materia o nombre geográfico como elemento de entrada Primer franquismo
650 #0 - PUNTO DE ACCESO ADICIONAL DE MATERIA--TÉRMINO DE MATERIA
9 (RLIN) 773
Término de materia o nombre geográfico como elemento de entrada Justicia militar
651 #0 - PUNTO DE ACCESO ADICIONAL DE MATERIA--NOMBRE GEOGRÁFICO
9 (RLIN) 129
Nombre geográfico Cataluña
773 ## - ASIENTO DE ITEM FUENTE
Título <a href="Actas del VIII Encuentro de Investigadores del Franquismo">Actas del VIII Encuentro de Investigadores del Franquismo</a>
856 ## - LOCALIZACIÓN Y ACCESO ELECTRÓNICOS
Identificador Uniforme de Recursos <a href="https://bibliotecaccoocyl.fundacionjesuspereda.es/cgi-bin/koha/opac-retrieve-file.pl?id=b997984517fe7fc744a73901c2aea8b7">https://bibliotecaccoocyl.fundacionjesuspereda.es/cgi-bin/koha/opac-retrieve-file.pl?id=b997984517fe7fc744a73901c2aea8b7</a>
942 ## - ELEMENTOS DE ENTRADA SECUNDARIOS (KOHA)
Fuente del sistema de clasificación o colocación Clasificación Decimal Dewey
Tipo de ítem Koha Archivo de computadora
Suprimir en OPAC No

No hay ítems disponibles.

Página web subvencionada totalmente por la Consejería de Cultura y Turismo de la Junta de Castilla y León

Con tecnología Koha